[Event "Cheliabinsk Variation-A"]
[Site "Cheliabinsk"]
[Date "2021.03.28"]
[Round "7"]
[White "Blinkov, Pavel Vladimir"]
[Black "Doluhanova, Evgeniya"]
[Result "1-0"]
[WhiteElo "2286"]
[BlackElo "2212"]
[PlyCount "63"]
[EventDate "2021.03.23"]
[EventType "swiss"]
[EventRounds "10"]
[EventCountry "RUS"]
[SourceTitle "CBM 202 Extra"]
[Source "ChessBase"]
[SourceDate "2021.07.31"]
[SourceVersion "1"]
[SourceVersionDate "2021.07.31"]
[SourceQuality "1"]

1. d4 Nf6 2. Bf4 d5 3. e3 e6 4. Nd2 Bd6 5. Bg3 c5 6. c3 Qc7 7. dxc5 Qxc5 8. Ngf3 0-0 9. Bd3 Nbd7 10. e4 Bxg3 11. hxg3 dxe4 12. Bxe4 Nxe4 13. Nxe4 Qd5 14. Qxd5 exd5 15. Nd6 Nf6 16. 0-0 Bg4 17. Nd4 b6 18. f3 Bd7 19. Rfe1 g6 20. Re7 a6 21. a4 Rad8 22. a5 b5 23. Rae1 Kg7 24. Nb7 Rde8 25. Nc5 Bc8 26. Nde6+ Kg8 27. Nxf8 Kxf8 28. Rxe8+ Nxe8 29. Kf2 Nc7 30. g4 f5 31. g5 Kf7 32. Ke3 1-0

[Event "Cheliabinsk Variation-A"]
[Site "Cheliabinsk"]
[Date "2021.03.24"]
[Round "2"]
[White "Popovich, Alexey"]
[Black "Blinkov, Pavel Vladimir"]
[Result "0-1"]
[WhiteElo "2102"]
[BlackElo "2286"]
[PlyCount "110"]
[EventDate "2021.03.23"]
[EventType "swiss"]
[EventRounds "10"]
[EventCountry "RUS"]
[SourceTitle "CBM 202 Extra"]
[Source "ChessBase"]
[SourceDate "2021.07.31"]
[SourceVersion "1"]
[SourceVersionDate "2021.07.31"]
[SourceQuality "1"]

1. e4 c6 2. d4 d5 3. exd5 cxd5 4. Bd3 Nc6 5. c3 g6 6. Bf4 Bg7 7. Nf3 Nh6 8. Qd2 Nf5 9. Ne5 f6 10. Nxc6 bxc6 11. 0-0 0-0 12. Re1 Re8 13. Na3 e5 14. Bxf5 Bxf5 15. Be3 a5 16. c4 Bf8 17. Rec1 Rb8 18. cxd5 cxd5 19. Nb1 a4 20. Nc3 Rb4 21. Rd1 e4 22. Rab1 Qd7 23. b3 axb3 24. axb3 Qb7 25. Na4 Rd8 26. Qc3 Rb8 27. Nc5 Qc6 28. Rb2 R4b6 29. Rc1 g5 30. b4 Be6 31. Ra1 Bf7 32. Ra7 Ra8 33. b5 Qc8 34. Rxa8 Qxa8 35. Nd7 Rb7 36. Qc6 Qa1+ 37. Bc1 Rxd7 38. b6 Rb7 39. h3 Kg7 40. Kh2 Qa8 41. Bd2 Be8 42. Qxd5 Qb8+ 43. g3 Rxb6 44. Rxb6 Qxb6 45. Qxe4 Bc6 46. Qe6 Qb5 47. h4 h6 48. hxg5 hxg5 49. f4 gxf4 50. gxf4 Qh5+ 51. Kg3 Qf3+ 52. Kh4 Qf2+ 53. Kg4 Bf3+ 54. Kf5 Qxd4 55. Qb3 Qe4# 0-1

[Event "Helsinki MatSK op"]
[Site "Helsinki"]
[Date "2020.02.23"]
[Round "6"]
[White "Blinkov, Pavel Vladimir"]
[Black "Vihinen, Teemu"]
[Result "0-1"]
[WhiteElo "2297"]
[BlackElo "2128"]
[PlyCount "140"]
[EventDate "2020.02.21"]
[EventType "swiss"]
[EventRounds "7"]
[EventCountry "FIN"]
[SourceTitle "CBM 195 Extra"]
[Source "ChessBase"]
[SourceDate "2020.05.31"]
[SourceVersion "1"]
[SourceVersionDate "2020.05.31"]
[SourceQuality "1"]

1. e4 e6 2. d4 d5 3. Bd3 dxe4 4. Bxe4 Nf6 5. Bf3 c5 6. Be3 cxd4 7. Qxd4 Qxd4 8. Bxd4 Nc6 9. Be3 Ne5 10. Be2 Nd5 11. Bd2 Bd7 12. Nf3 Nxf3+ 13. Bxf3 Bc6 14. Nc3 Nb4 15. Bxc6+ Nxc6 16. 0-0-0 0-0-0 17. Ne4 Be7 18. Bc3 f6 19. f4 Rxd1+ 20. Rxd1 Bb4 21. Bxb4 Nxb4 22. a3 Nc6 23. b4 Rd8 24. Rxd8+ Nxd8 25. c4 Kc7 26. Kd2 b6 27. Kc3 Nb7 28. Ng3 Nd6 29. Nh5 Ne8 30. Kd4 Kd6 31. g4 e5+ 32. Ke4 g6 33. Ng3 exf4 34. Kxf4 Ke6 35. Ke4 Nd6+ 36. Kd3 Ke5 37. Nf1 f5 38. gxf5 Nxf5 39. Nd2 Nd4 40. Nf1 Ne6 41. a4 Nf4+ 42. Kc3 Ne2+ 43. Kd2 Nf4 44. Ke3 Ng2+ 45. Kf3 Ne1+ 46. Ke2 Nc2 47. Kd2 Nxb4 48. Kc3 Nc6 49. Nd2 g5 50. c5 bxc5 51. Kc4 g4 52. Kxc5 Nb8 53. Nc4+ Kf4 54. a5 h5 55. Kd6 h4 56. Kc7 Na6+ 57. Kb7 Nb4 58. Nd2 Ke3 59. Nc4+ Kf2 60. Ne5 g3 61. Ng4+ Kf3 62. hxg3 hxg3 63. Ne5+ Kf2 64. Nc6 Nxc6 65. Kxc6 g2 66. Kb7 g1Q 67. Kxa7 Qg7+ 68. Kb6 Qf6+ 69. Ka7 Qe7+ 70. Ka6 Qc7 0-1

[Event "Helsinki MatSK op"]
[Site "Helsinki"]
[Date "2020.02.22"]
[Round "5"]
[White "Blinkov, Pavel Vladimir"]
[Black "Arstila, Petteri"]
[Result "1-0"]
[WhiteElo "2297"]
[BlackElo "2061"]
[PlyCount "96"]
[EventDate "2020.02.21"]
[EventType "swiss"]
[EventRounds "7"]
[EventCountry "FIN"]
[SourceTitle "CBM 195 Extra"]
[Source "ChessBase"]
[SourceDate "2020.05.31"]
[SourceVersion "1"]
[SourceVersionDate "2020.05.31"]
[SourceQuality "1"]

1. d4 Nf6 2. Bf4 e6 3. e3 c5 4. Nc3 a6 5. Qf3 d5 6. g4 Qa5 7. Nge2 Nc6 8. Bg2 Ne4 9. Rd1 Be7 10. 0-0 Nxc3 11. Nxc3 0-0 12. dxc5 Qxc5 13. Qh3 Qb4 14. Rb1 Rd8 15. a3 Qc4 16. Rfd1 b5 17. Bc7 Rd7 18. Bb6 Nd8 19. e4 Rb8 20. b3 Qc6 21. Bxd8 Bxd8 22. exd5 exd5 23. Bxd5 Qf6 24. Rd3 g6 25. Re1 Re7 26. Rxe7 Qxe7 27. Qf3 Be6 28. Bxe6 Qxe6 29. Qe4 Qf6 30. Kg2 Rc8 31. Nd5 Qc6 32. Rc3 Qd7 33. Rxc8 Qxc8 34. c4 Kg7 35. Qd4+ f6 36. g5 Kf7 37. gxf6 Qf5 38. h3 bxc4 39. bxc4 Qg5+ 40. Kh2 Bxf6 41. Nxf6 Qxf6 42. Qxf6+ Kxf6 43. Kg3 Ke5 44. Kg4 h6 45. f4+ Kd4 46. h4 Kxc4 47. h5 gxh5+ 48. Kxh5 Kd5 1-0

[Event "Helsinki EtVaS op"]
[Site "Helsinki"]
[Date "2019.05.17"]
[Round "1"]
[White "Blinkov, Pavel Vladimir"]
[Black "Aalto, Patrik"]
[Result "1/2-1/2"]
[WhiteElo "2309"]
[BlackElo "2022"]
[PlyCount "146"]
[EventDate "2019.05.17"]
[EventType "swiss"]
[EventRounds "5"]
[EventCountry "FIN"]
[SourceTitle "CBM 195 Extra"]
[Source "ChessBase"]
[SourceDate "2020.05.31"]
[SourceVersion "1"]
[SourceVersionDate "2020.05.31"]
[SourceQuality "1"]

1. d4 g6 2. Nc3 Bg7 3. e4 a6 4. Nf3 d6 5. a4 Bg4 6. Bc4 e6 7. Be3 Nc6 8. Qd2 Bxf3 9. gxf3 Nge7 10. Ba2 Qd7 11. Ne2 d5 12. e5 Nf5 13. c3 Nh4 14. Ng1 Ng2+ 15. Kf1 Nxe3+ 16. fxe3 Ne7 17. Bb1 Nf5 18. Bxf5 gxf5 19. Ne2 f6 20. exf6 Bxf6 21. Nf4 Rg8 22. Rg1 0-0-0 23. b3 Qd6 24. Ra2 Rxg1+ 25. Kxg1 e5 26. Nh3 Rg8+ 27. Kh1 Qe6 28. Ng1 Bh4 29. Qe2 e4 30. f4 Kb8 31. Qf1 Qb6 32. Rb2 Qa5 33. Ne2 Qb6 34. Nc1 Qg6 35. c4 c6 36. Na2 Qh5 37. Rg2 Rxg2 38. Kxg2 Qg4+ 39. Kh1 Kc7 40. cxd5 cxd5 41. Nc3 Kd6 42. Ne2 Qg7 43. Qh3 Qf6 44. Kg2 Qg6+ 45. Kh1 Qf6 46. b4 Ke6 47. Nc1 Qe7 48. Na2 Bf6 49. Qh5 Qd7 50. Nc3 Qc6 51. Ne2 Qc2 52. Ng3 Qc1+ 53. Kg2 Qd2+ 54. Kh3 Qxe3 55. Qxf5+ Ke7 56. Qxd5 Qxf4 57. Qxb7+ Kf8 58. Qxe4 Qh6+ 59. Kg2 Qd2+ 60. Kf3 Qc3+ 61. Kg4 Qxb4 62. d5 Qb7 63. Kf5 Qg7 64. Qb4+ Be7 65. Qb8+ Kf7 66. Ne4 Qg6+ 67. Ke5 Qh5+ 68. Kd4 Qd1+ 69. Ke3 Qxd5 70. Qa7 Qb3+ 71. Ke2 Qc4+ 72. Kf3 Qb3+ 73. Ke2 Qc4+ 1/2-1/2

[Event "Kuopio KSY op-A"]
[Site "Kuopio"]
[Date "2019.04.28"]
[Round "5"]
[White "Nivala, Tuomas"]
[Black "Blinkov, Pavel Vladimir"]
[Result "0-1"]
[WhiteElo "2235"]
[BlackElo "2297"]
[PlyCount "82"]
[EventDate "2019.04.27"]
[EventType "swiss"]
[EventRounds "5"]
[EventCountry "FIN"]
[SourceTitle "EXT 2021"]
[Source "ChessBase"]
[SourceDate "2020.10.23"]
[SourceVersion "1"]
[SourceVersionDate "2020.10.23"]
[SourceQuality "1"]

1. e4 e6 2. d4 d5 3. Nc3 Bb4 4. exd5 Qxd5 5. a3 Bxc3+ 6. bxc3 Bd7 7. c4 Qe4+ 8. Be3 Ba4 9. Ra2 Nd7 10. Nf3 Qg6 11. Bd3 Qh5 12. g4 Qa5+ 13. Bd2 Qa6 14. Qe2 c5 15. d5 Nf8 16. Bc3 f6 17. Ng5 Ne7 18. Ne4 Rc8 19. g5 f5 20. Ng3 Rg8 21. Bxf5 Nxf5 22. Nxf5 Kd7 23. Ne3 Ng6 24. 0-0 Rce8 25. Qg4 Kc8 26. h4 Bd7 27. h5 e5 28. Qe4 Nf4 29. Kh2 Ne2 30. Bxe5 Nc3 31. Qf4 Nxa2 32. Bb8 Qa5 33. Bd6 Qd8 34. Bxc5 Nc3 35. Bxa7 Qc7 36. d6 Qa5 37. Nd5 Nxd5 38. cxd5 Qxd5 39. Rd1 Qxd1 40. Qc4+ Bc6 41. Qf7 Qxd6+ 0-1

[Event "Kuopio KSY op-A"]
[Site "Kuopio"]
[Date "2019.04.27"]
[Round "2"]
[White "Blinkov, Pavel Vladimir"]
[Black "Savolainen, Lev P"]
[Result "1/2-1/2"]
[WhiteElo "2297"]
[BlackElo "2180"]
[PlyCount "125"]
[EventDate "2019.04.27"]
[EventType "swiss"]
[EventRounds "5"]
[EventCountry "FIN"]
[SourceTitle "EXT 2021"]
[Source "ChessBase"]
[SourceDate "2020.10.23"]
[SourceVersion "1"]
[SourceVersionDate "2020.10.23"]
[SourceQuality "1"]

1. d4 e6 2. Bf4 d5 3. e3 Bd6 4. Bg3 c5 5. c3 Nc6 6. Nf3 Nf6 7. Nbd2 0-0 8. Bb5 Qe7 9. Bxc6 bxc6 10. Qa4 Bxg3 11. hxg3 cxd4 12. cxd4 Bd7 13. Nb3 Ne4 14. Ne5 Be8 15. 0-0 Qb7 16. Qa3 Qb5 17. Rac1 f6 18. Nf3 Bh5 19. Nfd2 Nxd2 20. Nxd2 Rfb8 21. b3 a5 22. Nb1 Qb4 23. Rxc6 Qxa3 24. Nxa3 a4 25. bxa4 Rxa4 26. Rc3 Rb2 27. Ra1 Bg6 28. Rc8+ Kf7 29. Rac1 Be4 30. R1c3 Rxa2 31. Nb5 Ra1+ 32. Rc1 Bd3 33. Nd6+ Kg6 34. g4 e5 35. dxe5 fxe5 36. Rxa1 Rxa1+ 37. Kh2 d4 38. exd4 exd4 39. Nc4 Kf6 40. Rc6+ Ke7 41. Kg3 Be4 42. Rc7+ Kf6 43. Rd7 d3 44. Nd2 Bg6 45. f4 Ra2 46. Nf3 Ra3 47. f5 Be8 48. Rd4 g6 49. Kf4 gxf5 50. gxf5 Ra4 51. Rxa4 Bxa4 52. Nd2 Bc6 53. g4 h6 54. Nc4 Bb5 55. Nd6 Bc6 56. Ke3 Kg5 57. Kxd3 Kxg4 58. Kd4 Bd7 59. f6 Be6 60. Ke5 Ba2 61. Nf5 h5 62. Ne3+ Kg5 63. Nd5 1/2-1/2

[Event "St Petersburg  North-West Cup-B"]
[Site "St Petersburg"]
[Date "2018.12.07"]
[Round "5"]
[White "Blinkov, Pavel Vladimir"]
[Black "Schekachikhin, Maksim"]
[Result "0-1"]
[WhiteElo "2305"]
[BlackElo "2368"]
[PlyCount "124"]
[EventDate "2018.12.03"]
[EventType "tourn"]
[EventRounds "9"]
[EventCountry "RUS"]
[EventCategory "3"]
[SourceTitle "CBM 187 Extra"]
[Source "ChessBase"]
[SourceDate "2018.11.04"]
[SourceVersion "1"]
[SourceVersionDate "2018.11.04"]
[SourceQuality "1"]

1. e4 e6 2. Nf3 d5 3. Nc3 Nf6 4. e5 Nfd7 5. d4 c5 6. dxc5 Nc6 7. Bf4 Bxc5 8. Bd3 h6 9. Qe2 0-0 10. 0-0-0 f6 11. exf6 Qxf6 12. Bg3 Nd4 13. Nxd4 Bxd4 14. Rde1 Nc5 15. Nd1 Nxd3+ 16. Qxd3 Bd7 17. c3 Rac8 18. Kb1 Be8 19. Qe2 Bg6+ 20. Ka1 Rfe8 21. Qd2 Bc5 22. Ne3 d4 23. Ng4 Qf5 24. cxd4 Qxg4 25. dxc5 Rxc5 26. Rc1 Rec8 27. Rxc5 Rxc5 28. Rc1 Qd4 29. Qe1 Rxc1+ 30. Qxc1 Be4 31. f3 Bc6 32. Qe1 Bd5 33. Be5 Qc4 34. b3 Qc2 35. Qf1 a5 36. Bb2 b5 37. h3 b4 38. g4 Qc6 39. Qe1 Bxf3 40. Qe5 Qd7 41. Bd4 Bd5 42. h4 Kh7 43. g5 hxg5 44. Qxg5 Bxb3 45. Qh5+ Kg8 46. Qe5 Bd5 47. h5 Qf7 48. Kb2 Kh7 49. Qg5 a4 50. a3 b3 51. Qe5 Bf3 52. Kc3 Bd1 53. h6 gxh6 54. Qe4+ Qf5 55. Qb7+ Kg6 56. Kb4 Bc2 57. Qe7 Bd3 58. Qe8+ Kg5 59. Qxa4 Qe4 60. Qa5+ Kg4 61. Qd8 b2 62. Qg8+ Kh3 0-1

[Event "St Petersburg  North-West Cup-B"]
[Site "St Petersburg"]
[Date "2018.12.04"]
[Round "2"]
[White "Galchenko, Matvey"]
[Black "Blinkov, Pavel Vladimir"]
[Result "1-0"]
[WhiteElo "2379"]
[BlackElo "2305"]
[PlyCount "93"]
[EventDate "2018.12.03"]
[EventType "tourn"]
[EventRounds "9"]
[EventCountry "RUS"]
[EventCategory "3"]
[SourceTitle "CBM 187 Extra"]
[Source "ChessBase"]
[SourceDate "2018.11.04"]
[SourceVersion "1"]
[SourceVersionDate "2018.11.04"]
[SourceQuality "1"]

1. d4 d5 2. Nf3 e6 3. g3 c5 4. Bg2 cxd4 5. Nxd4 Nf6 6. 0-0 e5 7. Nb3 Be6 8. Bg5 Nbd7 9. e4 dxe4 10. Nc3 h6 11. Bxf6 Nxf6 12. Nxe4 Nxe4 13. Bxe4 Qc7 14. Qf3 Rb8 15. Rad1 Be7 16. Bf5 Bxf5 17. Qxf5 g6 18. Qg4 h5 19. Qa4+ b5 20. Qe4 0-0 21. Rd5 Qc4 22. Re1 Rb6 23. Rd7 Bf6 24. Rxa7 Bg7 25. c3 f5 26. Qe3 Rd6 27. Qc5 Qxc5 28. Nxc5 Rc8 29. Nb3 e4 30. Rb7 Rd5 31. Re2 Rcd8 32. Kg2 h4 33. gxh4 Re8 34. Rd2 e3 35. fxe3 Rde5 36. Rdd7 Bh8 37. Rb6 Rxe3 38. Rxg6+ Kf8 39. Rd2 f4 40. Rg5 Be5 41. Rf2 Kf7 42. Nd2 Rb8 43. Nf3 Bd6 44. Nd4 b4 45. Nf5 bxc3 46. Nxd6+ Ke6 47. Rg6+ 1-0

[Event "Sochi ChessAmateur op10"]
[Site "Sochi"]
[Date "2018.10.16"]
[Round "7"]
[White "Galunova, Tsveta"]
[Black "Blinkov, Pavel Vladimir"]
[Result "0-1"]
[WhiteElo "2213"]
[BlackElo "2320"]
[PlyCount "80"]
[EventDate "2018.10.12"]
[EventType "swiss"]
[EventRounds "9"]
[EventCountry "RUS"]
[SourceTitle "CBM 187 Extra"]
[Source "ChessBase"]
[SourceDate "2018.11.04"]
[SourceVersion "1"]
[SourceVersionDate "2018.11.04"]
[SourceQuality "1"]

1. d4 d5 2. c4 dxc4 3. Nf3 c6 4. Nc3 b5 5. a4 b4 6. Na2 b3 7. Nc3 Na6 8. Bf4 Nb4 9. Rc1 Nc2+ 10. Rxc2 bxc2 11. Qxc2 Nf6 12. e4 Ba6 13. Be2 e6 14. 0-0 Be7 15. Rd1 0-0 16. Ne5 Qc8 17. Bxc4 Bxc4 18. Nxc4 Rd8 19. h3 Qa6 20. b3 h6 21. Be5 Nd7 22. Bc7 Re8 23. a5 Rec8 24. Bf4 Nf6 25. Na4 Rd8 26. f3 Rac8 27. Kh1 Qb5 28. Nc3 Qb4 29. a6 Nh5 30. Bh2 Bh4 31. g4 Nf6 32. Bd6 Rxd6 33. Nxd6 Qxd6 34. e5 Qa3 35. exf6 Bxf6 36. Na4 Qb4 37. d5 exd5 38. Rxd5 Qe1+ 39. Kg2 Bh4 40. Rd3 Re8 0-1

[Event "Yaroslav the Wise op"]
[Site "Yaroslavl"]
[Date "2018.07.27"]
[Round "8"]
[White "Zabotin, Alexander"]
[Black "Blinkov, Pavel Vladimir"]
[Result "1-0"]
[WhiteElo "2465"]
[BlackElo "2288"]
[PlyCount "67"]
[EventDate "2018.07.20"]
[EventType "swiss"]
[EventRounds "9"]
[EventCountry "RUS"]
[SourceTitle "CBM 186 Extra"]
[Source "ChessBase"]
[SourceDate "2018.08.24"]
[SourceVersion "1"]
[SourceVersionDate "2018.08.24"]
[SourceQuality "1"]

1. Nf3 d5 2. c4 c6 3. d4 dxc4 4. a4 Qa5+ 5. Bd2 Qc7 6. Na3 Be6 7. e4 Nf6 8. Qc2 g6 9. Ng5 Qd7 10. Bxc4 Bh6 11. Nxe6 Bxd2+ 12. Qxd2 fxe6 13. Qd3 e5 14. d5 Qg4 15. 0-0 Qxe4 16. Qb3 cxd5 17. Bd3 Qd4 18. Qxb7 0-0 19. Qxa8 Nbd7 20. Qc6 Qxd3 21. Rad1 Qb3 22. Qb5 Rb8 23. Qa5 Qb6 24. Rxd5 Qxa5 25. Rxa5 Rxb2 26. Rxa7 Ra2 27. Nc4 Kf7 28. h3 Ke6 29. Ra6+ Kd5 30. Ne3+ Ke4 31. Rc1 Kd3 32. Ra7 Nb6 33. a5 Nbd5 34. Rd1+ 1-0

[Event "Yaroslav the Wise op"]
[Site "Yaroslavl"]
[Date "2018.07.23"]
[Round "4"]
[White "Gogolev, Artem"]
[Black "Blinkov, Pavel Vladimir"]
[Result "1/2-1/2"]
[WhiteElo "2405"]
[BlackElo "2288"]
[PlyCount "43"]
[EventDate "2018.07.20"]
[EventType "swiss"]
[EventRounds "9"]
[EventCountry "RUS"]
[SourceTitle "CBM 186 Extra"]
[Source "ChessBase"]
[SourceDate "2018.08.24"]
[SourceVersion "1"]
[SourceVersionDate "2018.08.24"]
[SourceQuality "1"]

1. Nf3 d5 2. d4 Nf6 3. c4 e6 4. g3 dxc4 5. Qa4+ Nbd7 6. Bg2 a6 7. Qxc4 b5 8. Qc6 Ra7 9. Qc2 Bb7 10. Bg5 c5 11. 0-0 h6 12. Bxf6 Qxf6 13. dxc5 Bxc5 14. Nc3 0-0 15. Rad1 Qe7 16. Ne4 Bxe4 17. Qxe4 Nf6 18. Qh4 Rc7 19. e3 Rfc8 20. Rd3 Nd5 21. Qxe7 Bxe7 22. Rd2 1/2-1/2

[Event "St Petersburg  North-West Cup-B"]
[Site "St Petersburg"]
[Date "2017.12.12"]
[Round "9"]
[White "Blinkov, Pavel Vladimir"]
[Black "Sokolov, Andrei2"]
[Result "1/2-1/2"]
[WhiteElo "2313"]
[BlackElo "2519"]
[PlyCount "84"]
[EventDate "2017.12.04"]
[EventType "tourn"]
[EventRounds "9"]
[EventCountry "RUS"]
[EventCategory "4"]
[SourceTitle "CBM 182 Extra"]
[Source "ChessBase"]
[SourceDate "2018.02.23"]
[SourceVersion "1"]
[SourceVersionDate "2018.02.23"]
[SourceQuality "1"]

1. Nf3 c5 2. e3 Nf6 3. d4 cxd4 4. exd4 d5 5. Bd3 Bg4 6. c3 Nc6 7. Bf4 Qb6 8. Qb3 Bxf3 9. gxf3 e6 10. Nd2 Be7 11. Qxb6 axb6 12. 0-0 Kd7 13. Rfe1 Bd6 14. Bxd6 Kxd6 15. f4 g6 16. Kg2 Rhc8 17. Kf3 Na5 18. Nf1 Nc4 19. Bxc4 Rxc4 20. Nd2 Rcc8 21. Ke3 b5 22. a3 Ke7 23. h3 Ne8 24. Kd3 Nd6 25. Re5 Kf6 26. Rae1 Nf5 27. Nf3 h6 28. Rg1 Nd6 29. Nd2 Ra6 30. Rg2 Rc7 31. Rg1 Ra4 32. Rh1 Ra8 33. Rg1 b6 34. Rh1 Rcc8 35. Rg1 Rc6 36. Rh1 Rc7 37. Rg1 Rac8 38. Rh1 Nf5 39. h4 Nd6 40. Rg1 Rh8 41. Rh1 Rg8 42. Rg1 Ke7 1/2-1/2

[Event "St Petersburg  North-West Cup-B"]
[Site "St Petersburg"]
[Date "2017.12.08"]
[Round "5"]
[White "Solozhenkina, Elizaveta"]
[Black "Blinkov, Pavel Vladimir"]
[Result "0-1"]
[WhiteElo "2230"]
[BlackElo "2313"]
[PlyCount "104"]
[EventDate "2017.12.04"]
[EventType "tourn"]
[EventRounds "9"]
[EventCountry "RUS"]
[EventCategory "4"]
[SourceTitle "CBM 182 Extra"]
[Source "ChessBase"]
[SourceDate "2018.02.23"]
[SourceVersion "1"]
[SourceVersionDate "2018.02.23"]
[SourceQuality "1"]

1. e4 e6 2. d4 d5 3. Nc3 Bb4 4. e5 b6 5. Qg4 Bf8 6. Bg5 Qd7 7. 0-0-0 h6 8. Bd2 Ne7 9. h4 h5 10. Qf4 Nf5 11. Bd3 g6 12. Bxf5 exf5 13. Qf3 c6 14. Bg5 Qb7 15. Nge2 Be6 16. Nf4 Na6 17. Bf6 Rg8 18. Qg3 Bh6 19. Kb1 Bxf4 20. Qxf4 Qc8 21. Ne2 Kd7 22. Qf3 Kc7 23. Be7 Kb7 24. Bd6 Nc7 25. Bxc7 Qxc7 26. Nf4 Qd7 27. a4 Rac8 28. a5 Rgd8 29. b3 c5 30. dxc5 Rxc5 31. axb6 axb6 32. c4 Qc6 33. Rd4 Rc8 34. Nxd5 b5 35. Ne3 Qxf3 36. gxf3 bxc4 37. bxc4 Rxe5 38. Kc2 Ra5 39. Rb1+ Kc6 40. Kc3 Ra3+ 41. Rb3 Rxb3+ 42. Kxb3 Kc5 43. Kc3 Ra8 44. Rd2 Ra4 45. Rd8 f4 46. Nc2 Rxc4+ 47. Kd2 Bf5 48. Ne1 Rd4+ 49. Rxd4 Kxd4 50. Ke2 f6 51. Kf1 g5 52. Kg1 Kc3 0-1